000 00752cam a2200229 a 4500
008
020 _a025603012X (pbk.)
049 _aMAIN
090 _aHD31
_bPOL
245 0 0 _aPolicy formulation and administration :
_ba casebook of senior management problems in business /
_cC. Roland Christensen... [et al.].
250 _a9th ed.
260 _aHomewood, Ill. :
_bR.D. Irwin,
_c1985.
300 _axiii, 867 p. :
_bill. ;
_c24 cm.
500 _aIncludes bibliographical references.
650 0 _aIndustrial management
_xCase studies.
700 _aChristensen, Ronald C.
907 _a.b1027764x
_b07-06-10
_c02-06-10
003
005 20230120145420.0
040 _cNUST
942 _cBOOKS
_kHD31
_mPOL
999 _c97993
_d97993